Egypt

Hospodárska charakteristika Egypta. Vzťahy Českej republiky a Egypta. Perspektívne trhové sektory a komodity. Vzájomný obchod Egypta a Českej republiky.

Gespeichert in:
Bibliographische Detailangaben
1. Verfasser: Malý, Petr
Format: Buchkapitel
Sprache:Tschechisch
Schlagworte:
Tags: Tag hinzufügen
Keine Tags, Fügen Sie das erste Tag hinzu!

MARC

LEADER 00000naa a2200000 4500
001 r032255
005 20230920094928.1
041 0 |a cze 
044 |a CZ 
245 1 0 |a Egypt  |c Petr Malý 
520 |a Hospodárska charakteristika Egypta. Vzťahy Českej republiky a Egypta. Perspektívne trhové sektory a komodity. Vzájomný obchod Egypta a Českej republiky. 
610 2 0 |a obchod zahraničný 
610 2 0 |a Egypt 
610 2 0 |a Česko 
610 2 0 |a vzťahy ekonomické 
610 2 0 |a dovoz 
610 2 0 |a vývoz 
610 2 0 |a saldo 
610 2 0 |a investície 
100 1 |a Malý, Petr